000 01736nam a2200253 i 4500
003 DO-SdBNP
005 20240122123643.0
006 a||||gr|||| 00| 0
007 ta
008 240122e1996 dr ad||| |||| 00| 0 spa d
040 _aDO-SdBNP
_bspa
_cBNPHU
_erda
082 4 _222
_bA445i
100 1 _aAlmánzar García, José Nicolás
_93006
_eautor
245 _aInstructivo metodológico y electoral /
_cJosé Nicolás Almánzar García.
264 _aSanto Domingo :
_bIFP,
_c1996
300 _a59 páginas ;
_c21 cm
336 _2rdacontent
_atexto
_btxt
337 _2rdamedia
_asin mediación
_bn
338 _2rdacarrier
_avolumen
_bnc
505 _aPresentación.
_tCapítulo I.- Los colegios Electorales Cerrados.-- Primera etapa: Instalación.-- Llgada y credenciales.-- Mie,bros ausentes.- Materiales, urnas y csetas.-- Segunda etapa: Inscripción.-- Tercera etapa: Votación.-- Orden de la Votación.-- Identificación del elector y pasos a cumplir para votar.-- el Voto observado.-- Fin de Votación.-- Cuarta etapa: Escrutinio.-- Deterninación número de elctores.-- Boletas demás: Forma de solución.-- Conteo.-- Levantamiento del acta.-- Relación de Votación.-- Entrega de Resultados.
_tCapítulo II.- algunas interrogantes sobre los Colegios Electorales Cerrados cuya respuestas pueden ayudar a su mejor cumplimiento e interpretación.--
_tCapítulo III.- Población Electoral y Cuerpo Electoral.--
_tCapítulo IV.- Población Electoral y Cuerpo Electoral.--
_tCapítulo VI.- El Cómputo Electoral: (Datos Estadísticos).--
_tCapítulo VII.- La Seguna Vuelta Electoral.
590 _aInventariado 2024 / MF
710 2 _aInstituto de Formación Política del Partido Reformista Social Cristiano
_955055
942 _2ddc
_cLBS1
999 _c55736
_d55736